International business communication background knowledge and practice /
Elmentve itt :
| Szerzők: | |
|---|---|
| Dokumentumtípus: | Vegyes gyűjtemény |
| Kulcsszavak: | üzleti élet kommunikáció |
| Tárgyszavak: | |
| Online Access: | http://eta.bibl.u-szeged.hu/880 |
| LEADER | 00695npc a2200181 i 4500 | ||
|---|---|---|---|
| 001 | eta880 | ||
| 005 | 20181201082649.0 | ||
| 008 | 181201suuuu hu o 0|| eng d | ||
| 040 | |a SZTE Elektronikus Tananyag Archívum |b hun | ||
| 041 | |a eng | ||
| 100 | 1 | |a Borbás Tibor | |
| 245 | 1 | 0 | |a International business communication |h [elektronikus dokumentum] : |b background knowledge and practice / |c Borbás Tibor |
| 650 | 4 | |a Társadalomtudományok | |
| 650 | 4 | |a Közgazdasági és gazdálkodástudományok | |
| 695 | |a üzleti élet | ||
| 695 | |a kommunikáció | ||
| 700 | 0 | 1 | |a Simon Péter |e aut |
| 856 | 4 | 0 | |u https://eta.bibl.u-szeged.hu/880/1/2011-0013_simon_international_business_communication.zip |z Dokumentum-elérés |